000 00699nam a2200229Ia 4500
003 OSt
005 20220923225452.0
006 a|||||r|||| 00| 0
007 ta
008 220922b |||||||| |||| 00| 0 snd d
024 _a268,559
037 _cTextual
040 _aARTS
_cARTS
_bsnd
041 _2snd
_asnd
082 _aO1593,2, K0
100 _aसुखवाणी, मुरलीधर आत्माराम
_9160287
245 0 _aसिप में पंज मोती
246 _aSip mean panja motī
260 _c1960
942 _hO1593,2, K0
_cTEXL
_2CC
999 _c378430
_d378430